000
00319nam a22001457a 4500
003
SGT
020
_a
978-0-07-163475-5
082
_a
615
_b
CHO
100
_a
CHOE, JAE Y.
245
_a
DRUG ACTIONS AND INTERACTION
260
_a
USA
_b
MC GRAW HILL
_c
2011
300
_a
734
650
_a
DRUG ACTIONS
942
_2
ddc
_c
BK
999
_c
33096
_d
33096